সক্রেটিসের বাড়ি / (Record no. 758)
[ view plain ]
| 000 -LEADER | |
|---|---|
| fixed length control field | 00684nam a2200229 a 4500 |
| 001 - CONTROL NUMBER | |
| JCCL Control Number | 758 |
| 003 - CONTROL NUMBER IDENTIFIER | |
| JCCL marc code | BD-JhCC |
| 005 - DATE AND TIME OF LATEST TRANSACTION | |
| control field | 20171010173958.0 |
| 008 - FIXED-LENGTH DATA ELEMENTS--GENERAL INFORMATION | |
| fixed length control field | 171009s2009 bg a|||| |||| 000 0 mul d |
| 020 ## - INTERNATIONAL STANDARD BOOK NUMBER | |
| International Standard Book Number | 9848685480 |
| 035 ## - SYSTEM CONTROL NUMBER | |
| system control number | (BD-JhCC) 758 |
| 040 ## - CATALOGING SOURCE | |
| Original cataloging agency | BD-JhCC |
| Modifying agency | BD-JhCC |
| 041 ## - LANGUAGE CODE | |
| Language code of Book | Bengali and English |
| 082 ## - DEWEY DECIMAL CLASSIFICATION NUMBER | |
| DDC Edition number | 23 |
| Classification number | 813.54 |
| Author mark and Year | MOJ 2009 |
| 100 ## - MAIN ENTRY--PERSONAL NAME | |
| Personal name | মজিদ, শাকুর |
| 245 ## - TITLE STATEMENT | |
| Title | সক্রেটিসের বাড়ি / |
| Statement of responsibility, etc | শাকুর মজিদ. |
| 260 ## - PUBLICATION, DISTRIBUTION, ETC. (IMPRINT) | |
| Place of publication, distribution, etc | ঢাকা : |
| Name of publisher, distributor, etc | অন্যপ্রকাশ, |
| Date of publication, distribution, etc | ২০০৯. |
| 300 ## - PHYSICAL DESCRIPTION | |
| Pagination | 112p. : |
| Other physical details | ill ; |
| Dimensions | 22cm. |
| 650 ## - SUBJECT ADDED ENTRY--TOPICAL TERM | |
| Topical term or geographic name as entry element | Travel |
| General subdivision | Barlin |
| -- | Athens |
| Geographic subdivision | Greece |
| 942 ## - ADDED ENTRY ELEMENTS (KOHA) | |
| Source of classification or shelving scheme | Dewey Decimal Classification |
| Koha item type | Books |
| Source of classification or shelving scheme | Damaged status | Not for loan | Home library | Current library | Shelving location | Date of accession | Cost, normal purchase price | Total Checkouts | Full call number | Barcode | Date last seen | Date checked out | Copy number | Koha item type |
|---|---|---|---|---|---|---|---|---|---|---|---|---|---|---|
| Dewey Decimal Classification | JCC Rouf Library | JCC Rouf Library | General Stacks | 10/09/2017 | 160.00 | 1 | 813.54 MOJ 2009 | 1716 | 06/05/2023 | 05/11/2023 | C-1 | Books |